Đất Nước Việt Nam qua các đời Nghiên cứu địa lý học lịch sử Việt Nam
Spremljeno u:
| Glavni autor: | |
|---|---|
| Format: | Knjiga |
| Jezik: | Vietnamese |
| Izdano: |
H.
Văn Hóa - Thông Tin
2005
|
| Teme: | |
| Oznake: |
Dodaj oznaku
Bez oznaka, Budi prvi tko označuje ovaj zapis!
|
| Thư viện lưu trữ: | Mạng thư viện Đại học Đà Nẵng |
|---|
| LEADER | 00840nam a2200301 4500 | ||
|---|---|---|---|
| 001 | 000013847 | ||
| 003 | 10192 | ||
| 005 | 20120323110353.0 | ||
| 008 | 120323s2005 viesd | ||
| 020 | |c 40000đ | ||
| 041 | 0 | |a vie | |
| 082 | |a 959.7 |b ĐA-A | ||
| 100 | 0 | |a Đào Duy Anh | |
| 245 | 0 | |a Đất Nước Việt Nam qua các đời |b Nghiên cứu địa lý học lịch sử Việt Nam |c Đào Duy Anh | |
| 260 | |a H. |b Văn Hóa - Thông Tin |c 2005 | ||
| 300 | |a 268tr. |c 24 cm | ||
| 653 | |a Đất Nước Việt Nam | ||
| 653 | |a Các Đời | ||
| 653 | |a Đào Duy Anh | ||
| 910 | |a Võ Quang Huy |d 21/10/2011 | ||
| OWN | |a LSP | ||
| 999 | |a From the UDN01 | ||
| TYP | |a Monograph | ||
| TYP | |a Printed language | ||
| 980 | |a Mạng thư viện Đại học Đà Nẵng | ||